Statistics for Countries with J

Click here to take the quiz!

General Stats

  • This quiz has been taken 69,463 times
  • The average score is 5 of 7

Answer Stats

Country % Correct
Japan
90%
Jamaica
89%
Jordan
77%
Fiji
57%
Djibouti
52%
Tajikistan
52%
Azerbaijan
50%

Score Distribution

Percentile by Number Answered

Percent of People with Each Score

Your Score History

You have not taken this quiz